| 000 | 01969nam a2200553 i 4500 | ||
|---|---|---|---|
| 001 | 35648 | ||
| 003 | KOSZ 005 | ||
| 005 | 20240405063111.0 | ||
| 008 | 231006s1989 enka g 001 0 pol | ||
| 020 | _a1872286003 | ||
| 035 | _a991017226919705066 | ||
| 035 | _a(PL-WaBN)b14652237-48omnis_nlop | ||
| 035 | _ab14652237 | ||
| 035 | _a(OCoLC)830997120 | ||
| 035 | _a(PL)b0000001465223 | ||
| 035 | _a(EXLNZ-48OMNIS_NETWORK)9910108251305606 | ||
| 040 |
_aWA N _cWA N _dKOSZ 005/RW |
||
| 045 |
_bd1939 _bd1945 |
||
| 046 | _k1989 | ||
| 080 | _a94(438).082 | ||
| 080 | _a94(438).082.21(093) | ||
| 245 | 0 | 0 |
_aArmia Krajowa w dokumentach 1939-1945. _nT. 6, _pUzupełnienia / _c[komitet redakcyjny Tadeusz Pełczyński et al.] ; Studium Polski Podziemnej. |
| 260 |
_aLondyn : _bStudium Polski Podziemnej, _c1989. |
||
| 300 |
_aXXIV, 524, [1] strony, [40] stron tablic : _bilustracje ; _c22 cm. |
||
| 336 |
_aTekst _btxt _2rdacontent |
||
| 337 |
_aBez urządzenia pośredniczącego _bn _2rdamedia |
||
| 338 |
_aWolumin _bnc _2rdacarrier |
||
| 380 | _aKsiążki | ||
| 380 | _aPublikacje naukowe | ||
| 388 | 1 | _a1901-2000 | |
| 388 | 1 | _a1989-2000 | |
| 504 | _aIndeksy. | ||
| 610 | 2 | 7 |
_aArmia Krajowa (AK) _2DBN |
| 648 | 7 | _a1901-2000 | |
| 648 | 7 | _a1939-1945 | |
| 650 | 7 | _aII wojna światowa (1939-1945) | |
| 650 | 7 | _aOkupacja niemiecka | |
| 650 | 7 | _aRuch oporu | |
| 655 | 7 |
_aDokumenty _2DBN |
|
| 655 | 7 |
_aWydawnictwo źródłowe _2DBN |
|
| 658 | _aBezpieczeństwo i wojskowość | ||
| 658 | _aHistoria | ||
| 700 | 1 |
_aIranek-Osmecki, Kazimierz _d(1897-1984) _eRedakcja |
|
| 700 | 1 |
_aŻenczykowski, Tadeusz _d(1907-1997) _eRedakcja |
|
| 710 | 2 |
_aStudium Polski Podziemnej (Londyn) _4pbl |
|
| 856 |
_uhttp://koha.tu.koszalin.pl/cgi-bin/koha/opac-detail.pl?biblionumber=35648 _yKatalog online BPK |
||
| 942 |
_2UKD _cKS |
||
| 999 |
_c35648 _d35648 |
||